[Event "It (open)"]
[Site "masterchessopen.com - Val Thorens (France)"]
[Round "0"]
[White "Verbaere Philippe (FRA)"]
[Black "Manolov Ivan (BUL)"]
[Result "0-1"]
[WhiteElo "1993"]
[BlackElo "2243"]

1.d4 Nf6 2.Nf3 d6 3.c4 Nbd7 4.Nc3 e5 5.e4 Be7 6.Be2 O-O 7.O-O c6 8.Rb1 a6 9.b4
b5 10.a4 bxc4 11.Bxc4 exd4 12.Nxd4 Ne5 13.Be2 c5 14.bxc5 dxc5 15.Nf5 Bxf5
16.exf5 Qc8 17.f4 Rd8 18.Qe1 Nc6 19.Bf3 Ra7 20.g4 Nd4 21.Qg3 Nxf3+ 22.Qxf3
Rad7 23.Rd1 Rxd1+ 24.Nxd1 c4 25.Be3 c3 26.Rc1 c2 27.Nf2 Ba3 {#R} 0-1

[Event "Zt"]
[Site "masterchessopen.com - Windsor (Canada)"]
[Round "0"]
[White "Taylor Gordon (CAN)"]
[Black "Frialde Arniel (CAN)"]
[Result "1-0"]
[WhiteElo "2309"]
[BlackElo "2189"]

1.d4 Nf6 2.c4 d6 3.Nc3 e5 4.Nf3 Nbd7 5.e4 c6 6.Be2 Be7 7.O-O O-O 8.Re1 Qc7
9.Bf1 Re8 10.Rb1 a6 11.b4 exd4 12.Nxd4 b5 13.Nf5 Bf8 14.Bg5 Bb7 15.cxb5 axb5
16.Rc1 Qb8 17.Re3 Ra3 18.Bxf6 Nxf6 19.Nd5 Rxe3 20.Nxf6+ gxf6 21.Qg4+ Kh8
22.Nxe3 Bh6 23.Rc3 c5 24.Nf5 Rxe4 25.Qh5 Re5 26.Qxh6 Rxf5 27.Rg3 {#r} 1-0

[Event "Tournament (team)"]
[Site "masterchessopen.com - Buenos Aires (Argentina)"]
[Round "0"]
[White "Llanos Guillermo (ARG)"]
[Black "Negri Sergio (ARG)"]
[Result "1-0"]
[WhiteElo "2381"]
[BlackElo "2311"]

1.d4 Nf6 2.c4 d6 3.Nc3 e5 4.Nf3 Nbd7 5.e4 Be7 6.Be2 O-O 7.O-O c6 8.Rb1 Re8
9.b4 exd4 10.Nxd4 Bf8 11.f3 d5 12.exd5 cxd5 13.c5 Ne5 14.Re1 h6 15.Be3 Neg4
16.Bf4 Nh5 17.Qd2 Nxf4 18.Qxf4 g5 19.Qd2 Ne5 20.Bb5 Re7 21.Nb3 a6 22.Nxd5
Nxf3+ 23.gxf3 Rxe1+ 24.Rxe1 axb5 25.Re8 {#r} 1-0

[Event "It \"]
[Site "masterchessopen.com - Gausdal (Norway)"]
[Round "0"]
[White "Tisdall Jonathan D (NOR)"]
[Black "Stein Bernd (GER)"]
[Result "1-0"]
[WhiteElo "2480"]
[BlackElo "2340"]

1.d4 Nf6 2.c4 d6 3.Nf3 Nbd7 4.Nc3 e5 5.e4 Be7 6.Be2 O-O 7.O-O c6 8.Rb1 exd4
9.Nxd4 d5 10.exd5 cxd5 11.cxd5 Nb6 12.Bf3 Nbxd5 13.Nxd5 Nxd5 14.Qb3 Bf6 15.Rd1
Nb6 16.Be3 Qe8 17.Rbc1 Bd7 18.Qb4 Qe5 19.Rc5 Qe7 20.Qa5 Rac8 21.Rxc8 Bxc8
22.b3 Rd8 23.h3 g6 24.Qxa7 Bxd4 25.Rxd4 Rxd4 26.Bxd4 Qe1+ 27.Kh2 {#r} 1-0

[Event "Regionalliga NordN"]
[Site "masterchessopen.com - Germany"]
[Round "0"]
[White "Grohde Wolfgang (GER)"]
[Black "Bertram Andreas (GER)"]
[Result "1-0"]
[WhiteElo "2128"]
[BlackElo "2183"]

1.c4 Nf6 2.Nc3 e5 3.Nf3 d6 4.d4 Nbd7 5.e4 Be7 6.Be2 O-O 7.O-O c6 8.Re1 Ne8
9.Bf1 g6 10.g3 Ng7 11.Bg2 Qc7 12.Bh6 Nf6 13.h3 Be6 14.Qe2 Rad8 15.Rac1 Kh8
16.Nd5 cxd5 17.cxd5 Qd7 18.dxe6 Qxe6 19.Rc7 d5 20.exd5 Nxd5 21.Rxb7 Qc8
22.Bxg7+ Kxg7 23.Rxe7 {#r} 1-0

[Event "It (open)"]
[Site "masterchessopen.com - Orange (France)"]
[Round "9"]
[White "Ermenkov Evgenij (PLE)"]
[Black "Gochev Mladen (BUL)"]
[Result "1-0"]
[WhiteElo "2431"]
[BlackElo "2253"]

1.c4 e5 2.Nc3 Nf6 3.Nf3 d6 4.d4 Nbd7 5.e4 c6 6.Be2 Be7 7.O-O O-O 8.Rb1 Re8
9.b4 exd4 10.Nxd4 Bf8 11.Qc2 c5 12.bxc5 Nxc5 13.f3 h6 14.Rd1 a6 15.Bf1 Qc7
16.Be3 Bd7 17.Bf2 Rac8 18.Qd2 Ne6 19.Nf5 b5 20.Nxd6 Bxd6 21.Qxd6 Qa5 22.Nd5
Bc6 23.Bb6 Qxa2 24.Nc3 {#r} 1-0

[Event "It (youth) (under 26)"]
[Site "masterchessopen.com - Tel Aviv (Israel)"]
[Round "0"]
[White "Cosma Ioan (ROM)"]
[Black "Alperovich Asher (ISR)"]
[Result "1-0"]
[WhiteElo "2410"]
[BlackElo "2109"]

1.d4 Nf6 2.c4 d6 3.Nc3 Nbd7 4.Nf3 e5 5.e4 c6 6.Be2 Be7 7.O-O O-O 8.Re1 Re8
9.Bf1 Qc7 10.Rb1 a5 11.h3 exd4 12.Nxd4 Nc5 13.Qc2 Bd7 14.Be3 Bd8 15.Bf4 Nh5
16.Bh2 Bf6 17.Qd2 g6 18.Rbd1 Rad8 19.g4 Ng7 20.Ndb5 cxb5 21.Nd5 {#r} 1-0

[Event "It (open)"]
[Site "masterchessopen.com - Val Thorens (France)"]
[Round "2"]
[White "Ghitescu Theodor (ROM)"]
[Black "Ionescu Vlad (ROM)"]
[Result "1-0"]
[WhiteElo "2384"]
[BlackElo "2105"]

1.c4 Nf6 2.Nc3 d6 3.d4 Nbd7 4.e4 e5 5.Nf3 Be7 6.Be2 O-O 7.O-O c6 8.Re1 Re8
9.Bf1 Qc7 10.a3 Bf8 11.b4 exd4 12.Nxd4 a6 13.Bg5 h6 14.Bh4 b5 15.Rc1 Qb6
16.Nb3 Be7 17.Bg3 bxc4 18.Na5 Ne5 19.Nxc4 Nxc4 20.Bxc4 Bg4 21.Qb3 Bh5 22.Na4
Qa7 23.Bd3 Rec8 24.e5 dxe5 25.Bf5 Rd8 26.Rxc6 Nd7 27.Qc4 Bf8 28.Rc7 Nb6 29.Qc6
Rd6 30.Qxd6 {#r} 1-0

[Event "Staatsliga"]
[Site "masterchessopen.com - Austria"]
[Round "0"]
[White "Wohlmann Erich (AUT)"]
[Black "Grillitsch Karl (AUT)"]
[Result "0-1"]
[WhiteElo "2235"]
[BlackElo "2257"]

1.d4 Nf6 2.c4 d6 3.Nc3 Nbd7 4.e4 e5 5.Nf3 Be7 6.Be2 O-O 7.O-O c6 8.b3 a6 9.Bb2
b5 10.cxb5 axb5 11.a3 Bb7 12.Bd3 Re8 13.h3 Bf8 14.Re1 Qb6 15.d5 Nc5 16.Bf1 b4
17.axb4 Qxb4 18.Rxa8 Rxa8 19.dxc6 Bxc6 20.Bc4 Ncxe4 21.Nxe4 Nxe4 22.Rxe4 Bxe4
23.Ng5 d5 24.Bxd5 Bxd5 25.Qxd5 Ra7 26.Bxe5 Rd7 27.Qxd7 Qe1+ {#R} 0-1

[Event "Ch BRD"]
[Site "masterchessopen.com - Bad Neuenahr (Germany)"]
[Round "5"]
[White "Serrer Christoph (GER)"]
[Black "Lutz Christopher (GER)"]
[Result "0-1"]
[WhiteElo "2300"]
[BlackElo "2545"]

1.Nf3 Nf6 2.c4 d6 3.d4 Nbd7 4.Nc3 e5 5.e4 Be7 6.Be2 O-O 7.O-O c6 8.Re1 a6
9.Bf1 b5 10.a3 Bb7 11.Bg5 h6 12.Bh4 Re8 13.Rc1 exd4 14.Nxd4 Ne5 15.Nf5 Bf8
16.cxb5 axb5 17.Qd2 Bc8 18.Nd4 Bd7 19.Kh1 Ng6 20.Bg3 Nh5 21.f4 Qf6 22.Be2
Ngxf4 23.Rf1 Nxe2 24.Rxf6 Nexg3+ 25.hxg3 Nxf6 26.Qf4 Re5 27.Nf5 Bxf5 28.exf5
Rae8 29.Rf1 d5 30.Qd2 Bc5 {#R} 0-1

[Event "It (open)"]
[Site "masterchessopen.com - Bern (Switzerland)"]
[Round "2"]
[White "Flear Christine (FRA)"]
[Black "Petursson Margeir (ISL)"]
[Result "0-1"]
[WhiteElo "2142"]
[BlackElo "2540"]

1.d4 Nf6 2.c4 d6 3.Nc3 Nbd7 4.e4 e5 5.Nf3 Be7 6.Be2 O-O 7.O-O c6 8.Qc2 Re8
9.Rd1 Qc7 10.b3 a6 11.Bb2 Nf8 12.g3 Bg4 13.Nh4 Ne6 14.d5 Nd4 15.Qd3 Nxe2+
16.Nxe2 Rac8 17.Rd2 Nd7 18.Nf5 Bg5 19.Ne3 Nc5 20.Qc2 Bf3 21.Nc3 cxd5 22.Rxd5
b5 23.b4 Ne6 24.Nf5 Qxc4 25.Nxd6 Qxb4 26.Nxe8 Nd4 27.Qb1 Rxe8 28.a3 Qc4 29.Qa2
Qc8 30.Re1 Qh3 {#R} 0-1

[Event "It (cat.8)"]
[Site "masterchessopen.com - Dortmund (Germany)"]
[Round "0"]
[White "Keitlinghaus Ludger (GER)"]
[Black "Padevsky Nikola (BUL)"]
[Result "1-0"]
[WhiteElo "2445"]
[BlackElo "2425"]

1.Nf3 Nf6 2.c4 d6 3.d4 Nbd7 4.Nc3 e5 5.e4 c6 6.Be2 Be7 7.O-O O-O 8.Re1 Qc7
9.Bf1 a6 10.h3 b5 11.a3 Bb7 12.Be3 Rad8 13.Rc1 Qb8 14.b4 Rfe8 15.d5 bxc4
16.Bxc4 cxd5 17.Bxd5 Nxd5 18.Nxd5 Nf6 19.Bb6 Rd7 20.Nxe5 Bxd5 21.Nxd7 Nxd7
22.Bc7 {#r} 1-0

[Event "It (open)"]
[Site "masterchessopen.com - Hallsberg (Sweden)"]
[Round "0"]
[White "Ohlzon Nils-Johan (SWE)"]
[Black "Holst Allan (DEN)"]
[Result "0-1"]
[WhiteElo "2158"]
[BlackElo "2300"]

1.d4 Nf6 2.c4 d6 3.Nc3 Nbd7 4.Nf3 e5 5.e4 Be7 6.g3 O-O 7.Bg2 a6 8.O-O b5
9.cxb5 axb5 10.Re1 c6 11.Qc2 Bb7 12.Bg5 b4 13.Nd1 c5 14.d5 Nxd5 15.exd5 Bxg5
16.Nxg5 Qxg5 17.Ne3 f5 18.Nc4 Qf6 19.a3 bxa3 20.bxa3 e4 21.Red1 Bxd5 22.Rxd5
Qxa1+ 23.Rd1 Qf6 24.Rxd6 Qe7 25.Rd1 Kh8 {#R} 0-1

[Event "Ch Hessen (qual)"]
[Site "masterchessopen.com - Hessen (Germany)"]
[Round "5"]
[White "Schnegelsberg Karl-H (GER)"]
[Black "Silberschlag Joerg (GER)"]
[Result "1-0"]
[WhiteElo "2032"]
[BlackElo "2201"]

1.d4 Nf6 2.c4 d6 3.Nc3 Nbd7 4.e4 e5 5.Nf3 Be7 6.Be2 c6 7.O-O Qc7 8.Rb1 O-O
9.b4 a6 10.dxe5 dxe5 11.c5 Re8 12.Bc4 h6 13.Qb3 Rf8 14.Nh4 b5 15.Ng6 Nxc5
16.bxc5 bxc4 17.Qb6 Qd7 18.Qxc6 Qa7 19.Nxe7+ {#r} 1-0

[Event "It (open) \"]
[Site "masterchessopen.com - Jyvaskyla (Finland)"]
[Round "0"]
[White "Salo Heikki (FIN)"]
[Black "Lampen Timo (FIN)"]
[Result "1-0"]
[WhiteElo "2240"]
[BlackElo "2339"]

1.d4 d6 2.Nf3 Nf6 3.c4 Nbd7 4.Nc3 e5 5.e4 c6 6.Be2 Be7 7.h3 Qc7 8.d5 cxd5
9.cxd5 Nc5 10.Nd2 a6 11.O-O b5 12.b4 Ncd7 13.Bb2 Nb6 14.Qb3 Bd7 15.Rac1 Qb7
16.f4 exf4 17.Rxf4 O-O 18.Rcf1 Rae8 19.Nd1 Nfxd5 20.Qg3 f6 21.exd5 Nxd5 22.Rh4
g6 {#r} 1-0

[Event "Ch Yugoslavia"]
[Site "masterchessopen.com - Kladovo (Yugoslavia)"]
[Round "0"]
[White "Gligoric Svetozar (SRB)"]
[Black "Radlovacki Jovan (SRB)"]
[Result "1-0"]
[WhiteElo "2447"]
[BlackElo "2432"]

1.d4 Nf6 2.c4 d6 3.Nc3 Nbd7 4.e4 e5 5.Nf3 Be7 6.Be2 O-O 7.O-O Re8 8.Qc2 c6
9.Rb1 a6 10.b4 b5 11.Bb2 Bb7 12.dxe5 dxe5 13.c5 a5 14.a3 Qc7 15.Bd1 Nf8 16.Ne2
N6d7 17.Ng3 g6 18.Qc3 Rad8 19.Bb3 Bf6 20.Rbd1 a4 21.Ba2 Nb8 22.Qc1 Bc8 23.Qa1
Rxd1 24.Rxd1 Bg4 25.Rd6 {#r} 1-0

[Event "It (open)"]
[Site "masterchessopen.com - Sao Paulo (Brazil)"]
[Round "3"]
[White "Leitao Rafael (BRA)"]
[Black "Sanz Alonso Francisco J (ESP)"]
[Result "1-0"]
[WhiteElo "2622"]
[BlackElo "2415"]

1.d4 Nf6 2.c4 d6 3.Nc3 Nbd7 4.e4 e5 5.Nf3 c6 6.g3 Be7 7.Bg2 O-O 8.O-O a6 9.Qc2
b5 10.Rd1 Qc7 11.b3 Rb8 12.Bb2 Re8 13.Rd2 bxc4 14.bxc4 exd4 15.Nxd4 Ne5 16.Nd1
Rb4 17.Ne3 Nfg4 18.Nxg4 Bxg4 19.Bc3 Rxc4 20.f4 c5 21.Nf5 Nf3+ 22.Bxf3 Bxf3
23.Nxg7 Rf8 24.Nf5 f6 25.Qb3 d5 26.exd5 Re4 27.Nxe7+ Rxe7 28.d6+ c4 29.Qa3
Qb6+ 30.Bd4 {#r} 1-0

[Event "It (open)"]
[Site "masterchessopen.com - Vienna (Austria)"]
[Round "0"]
[White "Timoshenko Georgy (UKR)"]
[Black "Grillitsch Karl (AUT)"]
[Result "1-0"]
[WhiteElo "2475"]
[BlackElo "2257"]

1.d4 Nf6 2.c4 d6 3.Nf3 Nbd7 4.Nc3 e5 5.e4 Be7 6.Be2 O-O 7.O-O c6 8.Rb1 Re8
9.b4 a5 10.a3 axb4 11.axb4 exd4 12.Nxd4 Bf8 13.Qc2 Ne5 14.Rd1 Qe7 15.Bf1 Be6
16.f4 Bg4 17.fxe5 Bxd1 18.exf6 Bxc2 19.fxe7 Bxb1 20.exf8=Q+ Kxf8 21.Nxb1 Ra1
22.Bd3 d5 23.cxd5 cxd5 24.Nb3 dxe4 25.Nxa1 exd3 26.Bd2 {#r} 1-0

[Event "It"]
[Site "masterchessopen.com - Kecskemet (Hungary)"]
[Round "0"]
[White "Nickl Klaus (AUT)"]
[Black "Sutorikhin Vladimir (RUS)"]
[Result "0-1"]
[WhiteElo "2144"]
[BlackElo "2331"]

1.d4 Nf6 2.c4 d6 3.Nc3 Nbd7 4.e4 e5 5.Nf3 c6 6.Be2 Be7 7.O-O O-O 8.Re1 a6 9.d5
cxd5 10.cxd5 b5 11.a3 Nb6 12.b3 Bd7 13.Bb2 Qb8 14.h3 Nc8 15.Nd2 Bd8 16.g4 Ne7
17.Nf1 Ng6 18.Ne3 Nf4 19.Bf1 Bb6 20.Qf3 h5 21.g5 Nh7 22.h4 g6 23.Red1 f6
24.gxf6 Nxf6 25.Qg3 Ra7 26.Rd2 Bc8 27.Bg2 Raf7 28.Ncd1 Kh7 29.Kh2 Nxg2 30.Kxg2
Nxe4 {#R} 0-1

[Event "It (open)"]
[Site "masterchessopen.com - Balatonbereny (Hungary)"]
[Round "0"]
[White "Horvath Csaba (HUN)"]
[Black "Szirmai Eduard (HUN)"]
[Result "1-0"]
[WhiteElo "2515"]
[BlackElo "2072"]

1.d4 Nf6 2.c4 d6 3.Nc3 Nbd7 4.e4 e5 5.Nf3 Be7 6.Be2 O-O 7.O-O c6 8.Be3 a6 9.d5
cxd5 10.cxd5 b5 11.Nd2 Bb7 12.b4 Rc8 13.Qb3 Nb6 14.a4 Nc4 15.Nxc4 bxc4 16.Qb1
Nd7 17.a5 Bg5 18.Qc1 Bxe3 19.Qxe3 g6 20.Rac1 f5 21.f3 Qh4 22.Nd1 fxe4 23.fxe4
Rxf1+ 24.Bxf1 Nf6 25.Nf2 Ng4 26.Nxg4 Qxg4 27.h3 Qd7 28.Rxc4 Rf8 29.Be2 {#r}
1-0

[Event "Ch Bayern (2)"]
[Site "masterchessopen.com - Bayern (Germany)"]
[Round "6"]
[White "Schroll Ralph (GER)"]
[Black "Kuempers Ulrich (GER)"]
[Result "1-0"]
[WhiteElo "2180"]
[BlackElo "2080"]

1.d4 Nf6 2.c4 d6 3.Nc3 e5 4.Nf3 Nbd7 5.e4 Be7 6.Be2 O-O 7.O-O c6 8.d5 cxd5
9.cxd5 Nc5 10.Qc2 a5 11.Be3 b6 12.Nd2 Ng4 13.Bxg4 Bxg4 14.a3 Rc8 15.b4 Na4
16.Qxa4 Rxc3 17.Rfc1 Bd7 18.Qd1 axb4 19.axb4 Rxc1 20.Qxc1 Bg5 21.Nc4 Bxe3
22.Qxe3 Bb5 23.Nxb6 f5 24.exf5 Qh4 25.Qc3 Qe4 26.Nc8 Rd8 27.h3 Rd7 28.Nb6 Rd8
29.Qc7 Rf8 30.Ra7 {#r} 1-0

[Event "It (open) \"]
[Site "masterchessopen.com - Berlin (Germany)"]
[Round "0"]
[White "Levin Felix (GER)"]
[Black "Roos Thomas (GER)"]
[Result "1-0"]
[WhiteElo "2475"]
[BlackElo "2193"]

1.d4 Nf6 2.c4 d6 3.Nc3 Nbd7 4.e4 e5 5.Nf3 Be7 6.Be2 O-O 7.O-O c6 8.Be3 a6 9.d5
cxd5 10.cxd5 Ng4 11.Bd2 b5 12.b4 Nb6 13.a4 bxa4 14.Nxa4 Nxa4 15.Rxa4 Nf6
16.Qc2 Ne8 17.b5 f5 18.exf5 Bb7 19.bxa6 Bxd5 20.Bc4 Bxc4 21.Qxc4+ Kh8 22.Rb1
Rxf5 23.Ba5 Rb8 24.Rb7 {#r} 1-0

[Event "It (open) \"]
[Site "masterchessopen.com - Bratislava (Slovakia)"]
[Round "11"]
[White "Petrik Matus"]
[Black "Janos Jozef (SVK)"]
[Result "0-1"]
[WhiteElo "1990"]
[BlackElo "2145"]

1.d4 Nf6 2.c4 d6 3.Nc3 Nbd7 4.e4 e5 5.Nf3 Be7 6.Be2 O-O 7.O-O Re8 8.Re1 Bf8
9.d5 Nc5 10.Nd2 a5 11.f3 g6 12.Nb3 Nh5 13.Be3 b6 14.Nc1 f5 15.b3 Bg7 16.a3 Nf4
17.Bf1 fxe4 18.fxe4 Rf8 19.Nd3 h5 20.Qd2 Nxb3 {#R} 0-1

[Event "It (open)"]
[Site "masterchessopen.com - Dortmund (Germany)"]
[Round "3"]
[White "Vokac Marek (CZE)"]
[Black "Schettler Juergen (GER)"]
[Result "1-0"]
[WhiteElo "2450"]
[BlackElo "2139"]

1.d4 Nf6 2.c4 d6 3.Nf3 Nbd7 4.Nc3 e5 5.e4 Be7 6.Be2 c6 7.O-O O-O 8.Qc2 a6 9.h3
Qc7 10.Be3 b5 11.a3 Bb7 12.Rac1 Rac8 13.Qb1 Qb8 14.Rfd1 Rfe8 15.b4 exd4
16.Nxd4 Bf8 17.Nf3 Qa8 18.Nd2 bxc4 19.Nxc4 d5 20.Na5 Nxe4 21.Nxe4 Rxe4 22.Qxe4
dxe4 23.Rxd7 Rb8 24.Bc4 c5 25.Nxb7 cxb4 26.axb4 Bxb4 27.Bxf7+ Kh8 28.Bd5 {#r}
1-0

[Event "Ch World (juniors) (under 18) (g)"]
[Site "masterchessopen.com - Duisburg (Germany)"]
[Round "0"]
[White "Manakova Maria (SRB)"]
[Black "Lendvai-Wells Noemi (HUN)"]
[Result "1-0"]
[WhiteElo "2314"]
[BlackElo "2139"]

1.d4 Nf6 2.c4 d6 3.Nf3 Nbd7 4.Nc3 e5 5.e4 c6 6.g3 Be7 7.Bg2 O-O 8.O-O a6 9.Qc2
Re8 10.Rd1 Qc7 11.h3 b5 12.b3 Bb7 13.Be3 b4 14.Ne2 exd4 15.Nfxd4 c5 16.Nf5 Bf8
17.f3 g6 18.Nh6+ Kg7 19.Qb2 Ne5 20.g4 Kh8 21.g5 Bxh6 22.gxh6 Qe7 23.Bg5 Rad8
24.Ng3 Qe6 25.f4 Ned7 26.e5 Bxg2 27.Rxd6 Qxh3 28.Qxg2 Qg4 29.exf6 {#r} 1-0

[Event "Ch USA"]
[Site "masterchessopen.com - Durango (USA)"]
[Round "0"]
[White "Yermolinsky Alex (USA)"]
[Black "Men Boris (USA)"]
[Result "1-0"]
[WhiteElo "2615"]
[BlackElo "2405"]

1.d4 Nf6 2.c4 d6 3.Nc3 e5 4.Nf3 Nbd7 5.e4 c6 6.Be2 Be7 7.O-O O-O 8.Qc2 a6
9.Rd1 Qc7 10.Bg5 Re8 11.Rac1 h6 12.Bh4 Bf8 13.a3 Nh5 14.Nxe5 Nxe5 15.dxe5 Rxe5
16.Bxh5 Rxh5 17.Bg3 Be6 18.Ne2 Rc5 19.Nf4 Qc8 20.Nxe6 Qxe6 21.b4 Rh5 22.Re1 a5
23.f4 axb4 24.axb4 Ra3 25.Qb2 Ra4 26.f5 Qd7 27.Rcd1 g6 28.fxg6 fxg6 29.e5 d5
30.Qc2 {#r} 1-0

[Event "Bundesliga (juniors)"]
[Site "masterchessopen.com - Germany"]
[Round "2"]
[White "Scholz Christian (GER)"]
[Black "Klanert Karsten (GER)"]
[Result "1-0"]
[WhiteElo "2387"]
[BlackElo "2134"]

1.d4 Nf6 2.c4 d6 3.Nc3 Nbd7 4.Nf3 e5 5.e4 Be7 6.Be2 O-O 7.O-O h6 8.Qc2 Nh7
9.Rd1 Ng5 10.Bxg5 Bxg5 11.dxe5 Bf4 12.exd6 Bxd6 13.e5 Bc5 14.Qe4 Re8 15.Bd3
Nf6 16.Qf4 Nd7 17.Bf5 Re6 18.Bxe6 fxe6 19.Ne4 Bf8 20.Qg4 Qe7 21.Qg6 {#r} 1-0

[Event "Bundesliga 1991/92"]
[Site "masterchessopen.com - Germany"]
[Round "0"]
[White "Kamp Christoph (GER)"]
[Black "Loschinski Dieter (GER)"]
[Result "1-0"]
[WhiteElo "2265"]
[BlackElo "2160"]

1.c4 Nf6 2.Nc3 e5 3.Nf3 d6 4.d4 Nbd7 5.e4 Be7 6.Be2 O-O 7.O-O c6 8.Rb1 Re8
9.Qc2 Bf8 10.Rd1 exd4 11.Nxd4 Nc5 12.f3 a5 13.Be3 Bd7 14.Nb3 Qc7 15.Nxc5 dxc5
16.Qd2 Be6 17.Bf4 Qb6 18.Na4 Qa6 19.Rbc1 Rac8 20.Be3 b6 21.b3 Be7 22.Qc2 Rcd8
23.Rxd8 Rxd8 24.Rd1 Rxd1+ 25.Qxd1 Nd7 26.f4 f5 27.exf5 Bxf5 28.g4 {#r} 1-0

[Event "It (open)"]
[Site "masterchessopen.com - Habana (Cuba)"]
[Round "0"]
[White "Li Manuel (CUB)"]
[Black "Moreno Alberto (PER)"]
[Result "0-1"]
[WhiteElo "2283"]
[BlackElo "2183"]

1.d4 Nf6 2.c4 d6 3.Nc3 Nbd7 4.e4 e5 5.Nf3 g6 6.Be2 Bg7 7.Be3 O-O 8.dxe5 dxe5
9.Nd2 c6 10.O-O Qe7 11.Qc2 Nc5 12.Nb3 Ne6 13.Rfd1 Re8 14.f3 Nh5 15.Bf1 Nef4
16.Qf2 b6 17.c5 b5 18.a4 b4 19.Nb1 Rd8 20.Rxd8+ Qxd8 21.Qd2 Qg5 22.Kh1 Be6
23.Na5 Rd8 24.Qe1 Rd3 25.Nd2 Rxe3 26.Qxe3 Ng3+ {#R} 0-1

[Event "It"]
[Site "masterchessopen.com - Homorod (Romania)"]
[Round "0"]
[White "Grigore George-Gabriel (ROM)"]
[Black "Dodu Petre (ROM)"]
[Result "1-0"]
[WhiteElo "2430"]
[BlackElo "2330"]

1.d4 Nf6 2.c4 d6 3.Nc3 Nbd7 4.e4 e5 5.Nf3 Be7 6.Be2 c6 7.O-O Qc7 8.Re1 Nf8
9.c5 dxc5 10.dxe5 Ng4 11.Nd5 cxd5 12.exd5 Qb6 13.e6 fxe6 14.Qa4+ Nd7 15.Qxg4
Nf6 16.Qxg7 Rg8 17.Qh6 Rg6 18.Qf4 Nxd5 19.Qc4 Qb4 20.Qc2 Bd7 21.Bd2 Qg4 22.g3
O-O-O 23.Ne5 Qh3 24.Bf1 Qh5 25.Nxg6 hxg6 26.Bc3 Nxc3 27.Qxc3 Rh8 28.h3 Rf8
29.Re5 Qh8 30.Rxc5+ {#r} 1-0

[Event "It"]
[Site "masterchessopen.com - Homorod (Romania)"]
[Round "0"]
[White "Schwartzman Gabriel (USA)"]
[Black "Dodu Petre (ROM)"]
[Result "1-0"]
[WhiteElo "2340"]
[BlackElo "2330"]

1.Nf3 Nf6 2.c4 d6 3.d4 Nbd7 4.Nc3 e5 5.e4 Be7 6.Be2 c6 7.O-O Qc7 8.Re1 O-O
9.Rb1 Re8 10.b4 Bf8 11.d5 c5 12.a3 g6 13.Nd2 b6 14.Nb3 a6 15.Bd2 h6 16.Qc2 Bg7
17.Rb2 Rf8 18.bxc5 dxc5 19.Reb1 Ne8 20.Nc1 Nd6 21.Na4 f5 22.Nxb6 Nxb6 23.Rxb6
Nxe4 24.Rxg6 Kh7 25.Rc6 Qe7 26.Be3 Bd7 27.Rb7 Rab8 28.Rcc7 Rxb7 29.Rxb7 f4
{#r} 1-0

[Event "It (open)"]
[Site "masterchessopen.com - Hyeres (France)"]
[Round "0"]
[White "Birens Eric-Andre (FRA)"]
[Black "Anselmo Aldo (FRA)"]
[Result "0-1"]
[WhiteElo "1969"]
[BlackElo "2240"]

1.d4 Nf6 2.c4 d6 3.Nc3 Nbd7 4.e4 e5 5.Nf3 Be7 6.Be2 O-O 7.O-O c6 8.h3 Qc7
9.Be3 a6 10.Qc2 Re8 11.Rfd1 Bf8 12.Rd2 b6 13.Rad1 Bb7 14.dxe5 dxe5 15.a3 h6
16.Nh2 Bc5 17.Ng4 Bxe3 18.Nxe3 Nf8 19.Ng4 Nxg4 20.Bxg4 Rad8 21.b4 Bc8 22.Bxc8
Qxc8 23.c5 bxc5 24.bxc5 Ne6 25.Ne2 Rxd2 26.Rxd2 Qb8 27.Qc4 Qb5 28.Rc2 Rd8
29.Qxb5 axb5 30.Kf1 Rd1# 0-1

[Event "It (open)"]
[Site "masterchessopen.com - Kassel (Germany)"]
[Round "7"]
[White "Schirm Friedmar (GER)"]
[Black "Ramlow Marcus (GER)"]
[Result "1-0"]
[WhiteElo "2310"]
[BlackElo "2169"]

1.Nf3 Nf6 2.c4 d6 3.d4 Nbd7 4.Nc3 e5 5.e4 c6 6.Be2 Qc7 7.O-O Be7 8.d5 O-O 9.b4
a5 10.bxa5 Qxa5 11.Bd2 Qa7 12.Be3 Nc5 13.Nd2 Qa3 14.Qc2 Ng4 15.Bxg4 Bxg4
16.Rab1 Rfb8 17.f3 Bd7 18.Nb3 b5 19.Nxc5 dxc5 20.dxc6 Bxc6 21.cxb5 Bxb5 22.Rb3
Ba4 23.Nxa4 Rxb3 24.axb3 Rxa4 25.bxa4 Qxe3+ 26.Kh1 Qa3 27.Qc4 {#r} 1-0

[Event "It (open)"]
[Site "masterchessopen.com - Ljubljana (Slovenia)"]
[Round "1"]
[White "Farago Ivan (HUN)"]
[Black "Brcar Andrej (SLO)"]
[Result "1-0"]
[WhiteElo "2510"]
[BlackElo "2067"]

1.d4 Nf6 2.c4 d6 3.Nc3 Nbd7 4.e4 e5 5.Nf3 Be7 6.Be2 O-O 7.O-O c6 8.Be3 Qc7
9.d5 Re8 10.Nd2 Bf8 11.b4 h6 12.Nb3 b6 13.dxc6 Qxc6 14.Rc1 Bb7 15.f3 Red8
16.Rf2 Nb8 17.Bf1 Qe8 18.Rd2 d5 19.cxd5 Bxb4 20.Rdc2 Na6 21.Nb5 Bxd5 22.exd5
Nxd5 23.Qe2 e4 24.fxe4 Qxe4 25.Bf2 Qg6 26.Qf3 Nf6 27.N5d4 Ba3 28.Nc6 Re8
29.Bxa6 Ng4 {#r} 1-0

[Event "It (open)"]
[Site "masterchessopen.com - Benasque (Spain)"]
[Round "9"]
[White "Gallego Jimenez Victoriano (ESP)"]
[Black "Nicoara Malina (FRA)"]
[Result "1-0"]
[WhiteElo "2390"]
[BlackElo "2140"]

1.d4 Nf6 2.c4 d6 3.Nc3 e5 4.Nf3 Nbd7 5.e4 c6 6.Be2 Be7 7.O-O O-O 8.Rb1 a6 9.b4
Re8 10.Re1 h6 11.Bf1 Qc7 12.h3 b5 13.a4 exd4 14.Nxd4 Bb7 15.Nf5 Bf8 16.Bf4 Ne5
17.axb5 cxb5 18.Nd5 Bxd5 19.cxd5 Ng6 20.Qf3 Nxf4 21.Qxf4 Nd7 22.Rbc1 Qb8
23.Nxh6+ gxh6 24.Qg4+ Bg7 25.Qxd7 Ra7 26.Qg4 Rc7 27.Rc6 {#r} 1-0

[Event "It (open) \"]
[Site "masterchessopen.com - Cologne (Germany)"]
[Round "1"]
[White "Speck Stefan (GER)"]
[Black "Espig Lutz (GER)"]
[Result "0-1"]
[WhiteElo "1980"]
[BlackElo "2346"]

1.d4 Nf6 2.c4 d6 3.Nc3 Nbd7 4.e4 e5 5.Nf3 Be7 6.Be2 O-O 7.O-O c6 8.dxe5 dxe5
9.Qc2 Qc7 10.Bg5 Re8 11.Rab1 Nc5 12.b4 Ne6 13.Be3 Nf4 14.Bxf4 exf4 15.c5 Bg4
16.Ne1 Be6 17.Nd3 Nd7 18.Nb2 Ne5 19.Nd3 Ng6 20.Nb2 Bf6 21.a4 Qe5 22.Rbc1 a5
23.b5 Qg5 24.Kh1 Rad8 25.Nc4 f3 26.gxf3 Bxc4 {#R} 0-1

[Event "It (w)"]
[Site "masterchessopen.com - Farum (Denmark)"]
[Round "8"]
[White "Heinatz Dr Gundula (SUI)"]
[Black "Fredericia Louise (DEN)"]
[Result "1-0"]
[WhiteElo "2218"]
[BlackElo "2098"]

1.d4 Nf6 2.c4 d6 3.Nc3 e5 4.Nf3 Nbd7 5.e4 Be7 6.Be2 c6 7.O-O O-O 8.Qc2 a6
9.Rd1 Qe8 10.a4 a5 11.Bg5 exd4 12.Nxd4 h6 13.Bf4 Ne5 14.Nf5 Bxf5 15.exf5 Qb8
16.Rd2 Rd8 17.Rad1 Qc7 18.Ne4 Rd7 19.Bxe5 {#r} 1-0